[Event "Ambelokipi op 111th"]
[Site "Athens"]
[Date "2011.03.30"]
[Round "6"]
[White "Ilandzis, Spyridon"]
[Black "Matsakis, Michael"]
[Result "1-0"]
[WhiteElo "2134"]
[BlackElo "1744"]
[PlyCount "45"]
[EventDate "2011.03.12"]
[EventType "swiss"]
[EventRounds "7"]
[EventCountry "GRE"]
[SourceTitle "EXT 2024"]
[Source "ChessBase"]
[SourceDate "2023.10.10"]
[SourceVersion "1"]
[SourceVersionDate "2023.10.10"]
[SourceQuality "1"]

1. d4 Nf6 2. c4 e5 3. dxe5 Ng4 4. Bf4 g5 5. Bg3 Bg7 6. Nf3 Nc6 7. Nc3 Ncxe5 8. h4 c6 9. hxg5 Nxc4 10. Qc2 Qa5 11. Qe4+ Nge5 12. Nxe5 Nxe5 13. 0-0-0 Qc5 14. Rxh7 d5 15. Rxh8+ Bxh8 16. Qh7 Ng6 17. Qg8+ Ke7 18. Rd3 d4 19. Rf3 Qxg5+ 20. e3 f5 21. Bc4 Be5 22. Bxe5 Bd7 23. Qf7+ 1-0